职工平均工资≥十万元的地级市 Top 26 Prefectures by average employee salary(2019) - Statistics

General Stats
  • This quiz has been taken 103 times
  • The average score is 16 of 26
Answer Stats
城市 平均工资/元 % Correct
北京 173205
100%
上海 160256
100%
深圳 127757
100%
广州 123498
100%
苏州 105572
100%
南京 129605
96%
无锡 105759
95%
青岛 103125
95%
杭州 120308
94%
宁波 110878
93%
天津 111602
91%
常州 104539
90%
济南 100593
83%
珠海 100878
73%
克拉玛依 126026
51%
舟山 106441
45%
拉萨 127057
36%
日喀则 128712
30%
那曲 143956
29%
东营 100224
29%
昌都 121259
28%
林芝 117185
28%
山南 112556
28%
大庆 100781
10%
衢州 118256
9%
丽水 110875
6%
No matching quizzes found
Score Distribution
Percent of People with Each Score
Percentile by Number Answered
Your Score History
You have not taken this quiz